000 00642nam a22001577a 4500
008 160601b xxu||||| |||| 00| 0 eng d
082 _22014
_aUT 0508
_bSo68
100 _99739
_aSoriano, Rejean G.
245 _aSales skills and organizational commitment of a sales agent of the different motorcycle dealers in Digos City/
_cRejean G. Soriano, Venieva N. Carin and Arbele B. Abad.
260 _aDigos City:
_bUMDC
_cMarch 2014.
300 _a65 pages;
_c30 cm.
650 0 _99737
_aBusiness Administration
_vFinancial Management
_xUndergraduate thesis.
700 _99735
_aCarin, Venieva N.
700 _99736
_aAbad, Arbelle B.
942 _2ddc
_cUT
999 _c2927
_d2927